000 00577nam a22001937a 4500
005 20260121161639.0
010 _aENG-147625
020 _a9788119670222
_c400.00
035 _aEN-131157
037 _bDBAD
082 _a808.883
_21
100 _aR K Singh
_986767
245 _aWhispers Of Wisdom:
_bIn Pursuit of Lakshmi/
_cR K Singh
250 _a1
260 _aNew Delhi
_bVitasta Publishing
_c2025
270 _a2/15,Ansari Road,Daryaganj,
_bNew Delhi
_e110002
_mvitastapublishing.com
300 _a142p.
_c21cm(Pb)
942 _2ddc
_cEN
_h808.883
_mRKS
999 _c214421
_d214421